[Event "XV Magistral"]
[Site "Elgoibar"]
[Date "2005.12.13"]
[Round "6.5"]
[White "Maze, Sebastien"]
[Black "Lopez Martinez, Josep M"]
[Result "1/2-1/2"]
[WhiteElo "2506"]
[BlackElo "2505"]
[PlyCount "29"]
[EventDate "2005.12.16"]

1. e4 e6 2. d4 d5 3. Nc3 Bb4 4. e5 b6 5. a3 Bxc3+ 6. bxc3 Qd7 7. Nf3 Ne7 8. Bd3
Ba6 9. h4 Qa4 10. h5 h6 11. O-O Bxd3 12. cxd3 Qxd1 13. Rxd1 Kd7 14. a4 Nbc6 15.
Kf1 {(=)} 1/2-1/2

[Event "XV Magistral"]
[Site "Elgoibar"]
[Date "2005.12.15"]
[Round "7.1"]
[White "Lopez Martinez, Josep M"]
[Black "Argandoña Riveiro, Iñigo"]
[Result "1/2-1/2"]
[WhiteElo "2505"]
[BlackElo "2397"]
[PlyCount "165"]
[EventDate "2005.12.16"]

1. d4 d5 2. c4 c6 3. Nf3 Nf6 4. Nc3 a6 5. e3 b5 6. c5 Nbd7 7. h3 Qc7 8. Bd2 e5
9. b4 e4 10. Nh2 g6 11. a4 Rb8 12. Be2 Bg7 13. O-O O-O 14. axb5 axb5 15. Ra5
Bb7 16. Qc2 Ra8 17. Rfa1 Rxa5 18. Rxa5 Ra8 19. Rxa8+ Bxa8 20. f3 exf3 21. Nxf3
Bb7 22. Bd3 Nf8 23. e4 dxe4 24. Nxe4 Nxe4 25. Bxe4 Ne6 26. Be3 Qd8 27. Qd2 Qa8
28. Kh2 Qb8+ 29. Kh1 Qa8 30. Bf2 Qd8 31. Kg1 Qa8 32. Kh2 Qd8 33. Be3 Qb8+ 34.
g3 Qd8 35. Kg2 Qd7 36. Ne5 Bxe5 37. dxe5 Qxd2+ 38. Bxd2 Kg7 39. h4 Ba8 40. Bg5
Nxg5 41. hxg5 Bb7 42. Kf3 Kf8 43. Kf4 Ke7 44. Bf3 Kd7 45. Bg4+ Ke7 46. Ke4 Ba6
47. Kd4 Bb7 48. Bh3 Ba6 49. e6 f6 50. gxf6+ Kxf6 51. e7 Kxe7 52. Ke5 Bb7 53.
Bg2 Ba8 54. Be4 Bb7 55. g4 Ba8 56. g5 Bb7 57. Bf3 Ba8 58. Bg4 Bb7 59. Bh3 Ba6
60. Be6 Bb7 61. Bg8 Kf8 62. Bxh7 Kg7 63. Kd6 Kxh7 64. Kc7 Ba6 65. Kxc6 Kg7 66.
Kd7 Bb7 67. c6 Ba6 68. Ke7 Bc8 69. c7 Bf5 70. Kd8 Kf7 71. c8=Q Bxc8 72. Kxc8
Ke6 73. Kc7 Kf5 74. Kc6 Kxg5 75. Kxb5 Kf5 76. Kc6 g5 77. b5 g4 78. b6 g3 79. b7
g2 80. b8=Q g1=Q 81. Qf8+ Ke4 82. Qb4+ Qd4 83. Kb5 1/2-1/2

[Event "XV Magistral"]
[Site "Elgoibar"]
[Date "2005.12.15"]
[Round "7.2"]
[White "Gomez Esteban, Mario"]
[Black "Maze, Sebastien"]
[Result "0-1"]
[WhiteElo "2470"]
[BlackElo "2506"]
[PlyCount "108"]
[EventDate "2005.12.16"]

1. d4 Nf6 2. c4 c5 3. d5 e5 4. Nc3 d6 5. e4 Be7 6. h3 O-O 7. Nf3 Ne8 8. g4 g6
9. Rg1 Ng7 10. Bd3 Nd7 11. Bd2 Nf6 12. Qe2 Kh8 13. Nd1 Ng8 14. Ne3 a6 15. Bc3
Bd7 16. a4 Qc8 17. a5 f5 18. gxf5 gxf5 19. exf5 Nxf5 20. Nxe5 dxe5 21. Qg4 Ngh6
22. Qe4 Qd8 23. Ng4 Nf7 24. O-O-O Bf6 25. f4 N7d6 26. Qg2 Nh4 27. Qe2 Bxg4 28.
Rxg4 e4 29. Rxh4 Bxc3 30. Qh5 Qe7 31. bxc3 Rf5 32. Qh6 exd3 33. Rxd3 Re8 34.
Kc2 Nxc4 35. Qe6 Qxe6 36. dxe6 h5 37. Rg3 Rxe6 38. Rg5 Ne3+ 39. Kd3 Rxg5 40.
fxg5 Kg7 41. Rxh5 Nf5 42. g6 Kxg6 43. Rh8 Nd6 44. Rd8 Kf5 45. Rh8 Rg6 46. Rh5+
Ke6 47. Rxc5 Rg3+ 48. Kc2 Rxh3 49. Rc7 Rf3 50. Kb3 Rf7 51. Rc5 Rf5 52. Kb4 Kd7
53. c4 Rxc5 54. Kxc5 Kc7 0-1

[Event "XV Magistral"]
[Site "Elgoibar"]
[Date "2005.12.16"]
[Round "8.1"]
[White "Argandoña Riveiro, Iñigo"]
[Black "Mirzoev, Azer"]
[Result "0-1"]
[WhiteElo "2397"]
[BlackElo "2518"]
[PlyCount "49"]
[EventDate "2005.12.16"]

1. d4 Nf6 2. Bg5 e6 3. e4 h6 4. Bxf6 Qxf6 5. c3 d6 6. Bd3 Qg6 7. Nf3 Nd7 8.
Nbd2 e5 9. Nc4 Be7 10. dxe5 dxe5 11. Ne3 O-O 12. Nf5 Bd8 13. Qe2 Qe6 14. Bc4
Qf6 15. g4 Nb6 16. Bb3 a5 17. h4 Bxf5 18. exf5 a4 19. Bc2 a3 20. Be4 axb2 21.
Qxb2 Nc4 22. Qxb7 Ra4 23. Qb5 Nb6 24. Qd3 Qd6 25. Qxd6 0-1

[Event "XV Magistral"]
[Site "Elgoibar"]
[Date "2005.12.16"]
[Round "8.2"]
[White "Paunovic, Dragan"]
[Black "Bauer, Cristian"]
[Result "1-0"]
[WhiteElo "2511"]
[BlackElo "2625"]
[PlyCount "105"]
[EventDate "2005.12.16"]

1. d4 b6 2. Nf3 Bb7 3. g3 f5 4. Bg2 Nf6 5. O-O g6 6. b3 Bg7 7. Bb2 O-O 8. c4 e6
9. Nc3 Na6 10. Qd2 Qe7 11. Rad1 Rad8 12. Ne5 {(=)} 12... Bxg2 13. Kxg2 Qe8 14.
Ba3 d6 15. Nf3 c5 16. dxc5 bxc5 17. Nb5 Ne4 18. Qa5 Qc6 19. Kg1 Qb6 20. Qxb6
axb6 21. Bc1 h6 22. Bf4 e5 23. Bc1 Rd7 24. Nh4 g5 25. Ng2 Nc7 26. Nxc7 Rxc7 27.
Bb2 Rc6 28. f3 Nf6 29. Ne3 Ne8 30. g4 fxg4 31. fxg4 Rxf1+ 32. Kxf1 Kf7 33. Nd5
Nf6 34. Nxf6 Bxf6 35. Kf2 Ke6 36. a4 Rc7 37. e4 Rf7 38. Bc1 Be7+ 39. Kg2 h5 40.
gxh5 Rh7 41. Rd3 Rxh5 42. Rh3 Rxh3 43. Kxh3 Kf6 44. Kg4 Kg6 45. Bd2 Bd8 46. h3
Be7 47. b4 cxb4 48. Bxb4 Bf8 49. Be1 Be7 50. Bf2 Bd8 51. Be3 Kh6 52. h4 Kg6 53.
Bxg5 1-0

[Event "XV Magistral"]
[Site "Elgoibar"]
[Date "2005.12.16"]
[Round "8.3"]
[White "Gonzalez De la Torre, Santiago"]
[Black "Korneev, Oleg"]
[Result "0-1"]
[WhiteElo "2352"]
[BlackElo "2599"]
[PlyCount "106"]
[EventDate "2005.12.16"]

1. d4 d5 2. c4 e6 3. Nc3 c6 4. Nf3 Nf6 5. Bg5 h6 6. Bh4 dxc4 7. e4 b5 8. e5 g5
9. Nxg5 hxg5 10. Bxg5 Be7 11. exf6 Bxf6 12. Bxf6 Qxf6 13. g3 Na6 14. Bg2 Bb7
15. Ne4 Qe7 16. O-O O-O-O 17. a4 f5 18. Nc3 b4 19. Ne2 c5 20. Qc2 Bxg2 21. Kxg2
Qb7+ 22. f3 Qd5 23. Rac1 c3 24. bxc3 b3 25. Qb1 c4 26. Nf4 Qc6 27. Rce1 Nc7 28.
Re5 Rd6 29. a5 Nd5 30. Nxe6 Re8 31. Qxf5 Rexe6 32. Rfe1 Nc7 33. d5 Rxd5 34.
Rxd5 Qxd5 35. Qxd5 Nxd5 36. Rxe6 b2 37. Re1 Nxc3 38. Kf2 Nd1+ 39. Rxd1 c3 40.
Rb1 c2 41. Rxb2 c1=Q 42. Re2 Qc5+ 43. Kg2 Qxa5 44. h4 Qb5 45. Ra2 a5 46. g4 a4
47. h5 Qc4 48. Ra3 Qb4 49. Ra2 Qb3 50. Re2 a3 51. h6 a2 52. h7 a1=Q 53. Re8+
Kd7 0-1

[Event "XV Magistral"]
[Site "Elgoibar"]
[Date "2005.12.16"]
[Round "8.4"]
[White "Maze, Sebastien"]
[Black "Fernandez Romero, Ernesto"]
[Result "1-0"]
[WhiteElo "2506"]
[BlackElo "2442"]
[PlyCount "87"]
[EventDate "2005.12.16"]

1. e4 e6 2. d4 d5 3. Nc3 Bb4 4. e5 c5 5. a3 Bxc3+ 6. bxc3 Qa5 7. Bd2 Qa4 8. Nf3
b6 9. Bd3 Ba6 10. O-O Bxd3 11. cxd3 Qxd1 12. Rfxd1 Nd7 13. c4 Ne7 14. dxc5 Nxc5
15. Bb4 dxc4 16. Bxc5 bxc5 17. dxc4 Rb8 18. Rab1 O-O 19. Rb5 Rxb5 20. cxb5 Nd5
21. Rc1 Rc8 22. Nd2 f6 23. Ne4 c4 24. Nd6 Rc5 25. Rxc4 Rxc4 26. Nxc4 Nc3 27. b6
axb6 28. Nxb6 fxe5 29. a4 Kf7 30. a5 Nb5 31. a6 Ke7 32. Nc4 Kd7 33. Nxe5+ Kc7
34. f3 h6 35. Kf2 Kb6 36. Nd7+ Kc6 37. Nf8 Nc7 38. a7 Kb7 39. Ke3 Kxa7 40. Ke4
Kb7 41. Ke5 Kc6 42. Nxe6 Ne8 43. Nf8 Nc7 44. h4 1-0

[Event "XV Magistral"]
[Site "Elgoibar"]
[Date "2005.12.16"]
[Round "8.5"]
[White "Lopez Martinez, Josep M"]
[Black "Gomez Esteban, Mario"]
[Result "1-0"]
[WhiteElo "2505"]
[BlackElo "2470"]
[PlyCount "61"]
[EventDate "2005.12.16"]

1. e4 c5 2. Nf3 Nc6 3. d4 cxd4 4. Nxd4 Nf6 5. Nc3 d6 6. Bg5 e6 7. Qd2 a6 8.
O-O-O h6 9. Be3 Qc7 10. f3 Be7 11. h4 Ne5 12. g4 b5 13. Qg2 b4 14. Nb1 g6 15.
g5 hxg5 16. hxg5 Rxh1 17. Qxh1 Nh5 18. Nd2 Bb7 19. Qh3 Rc8 20. Kb1 d5 21. f4
Nc6 22. Nxe6 fxe6 23. Qxe6 Nxf4 24. Bxf4 Qxf4 25. Bh3 Qd6 26. Qg8+ Bf8 27. Nc4
Qe7 28. Bxc8 Bxc8 29. Qxg6+ Kd7 30. Nb6+ Kd8 31. Qxc6 1-0

[Event "XV Magistral"]
[Site "Elgoibar"]
[Date "2005.12.17"]
[Round "9.1"]
[White "Gomez Esteban, Mario"]
[Black "Argandoña Riveiro, Iñigo"]
[Result "1/2-1/2"]
[WhiteElo "2470"]
[BlackElo "2397"]
[PlyCount "40"]
[EventDate "2005.12.16"]

1. d4 d5 2. c4 c6 3. Nf3 Nf6 4. e3 a6 5. Bd3 b5 6. c5 Nbd7 7. b4 a5 8. a4 axb4
9. Bb2 bxa4 10. Rxa4 Rxa4 11. Qxa4 Qc7 12. Qxb4 e5 13. Be2 exd4 14. exd4 Ne4
15. O-O Be7 16. Nfd2 f5 17. Nxe4 fxe4 18. f3 O-O 19. fxe4 Rxf1+ 20. Bxf1 Qf4
1/2-1/2

[Event "XV Magistral"]
[Site "Elgoibar"]
[Date "2005.12.17"]
[Round "9.2"]
[White "Fernandez Romero, Ernesto"]
[Black "Lopez Martinez, Josep M"]
[Result "1/2-1/2"]
[WhiteElo "2442"]
[BlackElo "2505"]
[PlyCount "27"]
[EventDate "2005.12.16"]

1. e4 c6 2. Nc3 d5 3. Nf3 Bg4 4. h3 Bxf3 5. Qxf3 e6 6. a3 dxe4 7. Nxe4 Nf6 8.
d3 Nxe4 9. dxe4 Nd7 10. Be2 Be7 11. O-O Bg5 12. Rd1 Bxc1 13. Raxc1 Qg5 14. b4 {
(=)} 1/2-1/2

[Event "XV Magistral"]
[Site "Elgoibar"]
[Date "2005.12.17"]
[Round "9.4"]
[White "Bauer, Cristian"]
[Black "Gonzalez De la Torre, Santiago"]
[Result "0-1"]
[WhiteElo "2625"]
[BlackElo "2352"]
[PlyCount "230"]
[EventDate "2005.12.16"]

1. c4 Nf6 2. Nc3 e5 3. Nf3 Nc6 4. e3 Be7 5. a3 O-O 6. Be2 Re8 7. d3 Bf8 8. O-O
a5 9. Bd2 e4 10. dxe4 Nxe4 11. Nxe4 Rxe4 12. Bc3 d6 13. Qd5 Re8 14. Rad1 Be6
15. Qe4 g6 16. Qf4 Bg7 17. Bxg7 Kxg7 18. c5 d5 19. Bb5 Qf6 20. Qxf6+ Kxf6 21.
Rd2 a4 22. Bxc6 bxc6 23. Nd4 Ra5 24. Rc1 Bd7 25. Rc3 Rb8 26. f3 g5 27. Kf2 Ra6
28. Rc1 g4 29. fxg4 Bxg4 30. Rf1 Ke7 31. e4 Be6 32. Ke3 Rg8 33. Rf4 dxe4 34.
Nxe6 fxe6 35. Rh4 Rg7 36. Kxe4 Ra5 37. Rc2 Rb5 38. Ke3 Ra5 39. Kf2 Ra8 40. g3
e5 41. Rh6 Rf8+ 42. Ke3 Rf6 43. Rxf6 Kxf6 44. Rc4 Ke6 45. Rxa4 Kd5 46. Rh4 Rf7
47. b4 Rf1 48. Rxh7 Re1+ 49. Kf2 Ra1 50. Rxc7 Rxa3 51. h4 Rb3 52. h5 Rxb4 53.
h6 Rb2+ 54. Kg1 Rb1+ 55. Kg2 Rb2+ 56. Kh3 Rb1 57. Kg4 Rh1 58. Kg5 Kxc5 59. g4
e4 60. Re7 Kd4 61. Kg6 c5 62. h7 e3 63. Kg7 c4 64. h8=Q Rxh8 65. Kxh8 c3 66. g5
c2 67. g6 c1=Q 68. g7 Qh1+ 69. Kg8 Qf3 70. Rd7+ Kc3 71. Rc7+ Kb4 72. Re7 e2 73.
Re5 Kc4 74. Kh7 Qh3+ 75. Kg6 Qg3+ 76. Rg5 Qd3+ 77. Rf5 Qd6+ 78. Rf6 Qg3+ 79.
Kf7 e1=Q 80. g8=Q Qxg8+ 81. Kxg8 Qe7 82. Rf7 Qe6 83. Kg7 Kd5 84. Rf6 Qg4+ 85.
Rg6 Qf5 86. Rf6 Qg5+ 87. Rg6 Qe7+ 88. Kh6 Ke5 89. Rb6 Qd7 90. Rg6 Kf5 91. Rg5+
Kf4 92. Rg6 Qe7 93. Ra6 Qf8+ 94. Kh7 Qd8 95. Rg6 Kf5 96. Rg1 Qc7+ 97. Rg7 Qh2+
98. Kg8 Qb8+ 99. Kh7 Qa8 100. Rg1 Qb7+ 101. Rg7 Qh1+ 102. Kg8 Qh5 103. Rg1 Qe8+
104. Kh7 Qe2 105. Rg6 Qh5+ 106. Rh6 Qf7+ 107. Kh8 Qf8+ 108. Kh7 Qe7+ 109. Kg8
Qe8+ 110. Kg7 Kg5 111. Rh7 Qe6 112. Kf8 Qd6+ 113. Kg8 Qb8+ 114. Kg7 Qe8 115.
Rh1 Qd7+ 0-1